<?xml version="1.0" encoding="UTF-8"?>
<record
    xmlns:xsi="http://www.w3.org/2001/XMLSchema-instance"
    xsi:schemaLocation="http://www.loc.gov/MARC21/slim http://www.loc.gov/standards/marcxml/schema/MARC21slim.xsd"
    xmlns="http://www.loc.gov/MARC21/slim">

  <leader>00447nam a22001817a 4500</leader>
  <controlfield tag="005">20230111104539.0</controlfield>
  <controlfield tag="008">221219b        |||||||| |||| 00| 0 eng d</controlfield>
  <datafield tag="020" ind1=" " ind2=" ">
    <subfield code="a">978-9385274-10-7</subfield>
  </datafield>
  <datafield tag="041" ind1=" " ind2=" ">
    <subfield code="a">eng</subfield>
  </datafield>
  <datafield tag="082" ind1=" " ind2=" ">
    <subfield code="a">615 DAS-T </subfield>
  </datafield>
  <datafield tag="100" ind1=" " ind2=" ">
    <subfield code="a">DAS , P.C. AND OTHERS </subfield>
    <subfield code="9">7385</subfield>
  </datafield>
  <datafield tag="245" ind1=" " ind2=" ">
    <subfield code="a">TEXT BOOK OF MEDICINE </subfield>
  </datafield>
  <datafield tag="250" ind1=" " ind2=" ">
    <subfield code="a">6th ed. </subfield>
  </datafield>
  <datafield tag="260" ind1=" " ind2=" ">
    <subfield code="a">KOLKATA </subfield>
    <subfield code="b">CURRENT BOOK INTERNATIONAL </subfield>
  </datafield>
  <datafield tag="300" ind1=" " ind2=" ">
    <subfield code="a">680;P. </subfield>
  </datafield>
  <datafield tag="650" ind1=" " ind2=" ">
    <subfield code="a">BPT</subfield>
    <subfield code="9">6963</subfield>
  </datafield>
  <datafield tag="942" ind1=" " ind2=" ">
    <subfield code="c">BK</subfield>
  </datafield>
  <datafield tag="999" ind1=" " ind2=" ">
    <subfield code="c">8104</subfield>
    <subfield code="d">8102</subfield>
  </datafield>
  <datafield tag="952" ind1=" " ind2=" ">
    <subfield code="0">0</subfield>
    <subfield code="1">0</subfield>
    <subfield code="4">0</subfield>
    <subfield code="7">0</subfield>
    <subfield code="8">REF</subfield>
    <subfield code="a">JRU</subfield>
    <subfield code="b">JRU</subfield>
    <subfield code="c">SHELF- 8 - C</subfield>
    <subfield code="d">2022-10-25</subfield>
    <subfield code="e">LOHIA BOOK INTERNATIONAL </subfield>
    <subfield code="g">430.00</subfield>
    <subfield code="l">0</subfield>
    <subfield code="o">615-DAT-T </subfield>
    <subfield code="p">27050</subfield>
    <subfield code="r">2022-12-19 00:00:00</subfield>
    <subfield code="w">2022-10-25</subfield>
    <subfield code="y">BK</subfield>
  </datafield>
  <datafield tag="952" ind1=" " ind2=" ">
    <subfield code="0">0</subfield>
    <subfield code="1">0</subfield>
    <subfield code="4">0</subfield>
    <subfield code="7">0</subfield>
    <subfield code="8">PHYSIOTHERAPY</subfield>
    <subfield code="a">JRU</subfield>
    <subfield code="b">JRU</subfield>
    <subfield code="c">Shelf - 26- C</subfield>
    <subfield code="d">2022-10-25</subfield>
    <subfield code="e">LOHIA BOOK INTERNATIONAL </subfield>
    <subfield code="g">430.00</subfield>
    <subfield code="l">5</subfield>
    <subfield code="o">615-DAT-T </subfield>
    <subfield code="p">27051</subfield>
    <subfield code="r">2024-09-19 15:41:59</subfield>
    <subfield code="s">2024-08-12</subfield>
    <subfield code="w">2022-10-25</subfield>
    <subfield code="y">BK</subfield>
  </datafield>
</record>
